|
|
|
|
| LEADER |
00000nam a2200000 a 4500 |
| 001 |
vtls011747423 |
| 003 |
SK-MaSNL |
| 005 |
20260301183008.0 |
| 008 |
200104s1879 xo a 0 an0 slo |
| 015 |
|
|
|a SNBHFA1879
|
| 035 |
|
|
|a urn:nbn:sk:snk-am00d15o
|
| 035 |
|
|
|a urn:nbn:sk:snk-am3hi5b
|
| 035 |
|
|
|a 248BA1E8-8A19-4C4A-90AC-92E0A5A07B3E
|
| 040 |
|
|
|a SNKHF
|b slo
|c SNK
|e AACR2
|
| 041 |
0 |
|
|a slo
|
| 044 |
|
|
|a xo
|c SK
|
| 072 |
|
7 |
|a 783
|x Cirkevná hudba. Duchovná hudba. Náboženská hudba
|2 konspekt
|
| 080 |
|
|
|a 783.6
|2 2011
|
| 130 |
0 |
|
|a Píseň
|9 353510
|
| 245 |
1 |
0 |
|a Píseň Nábožná o zázračném obrazu Swaté Matky Boží
|b z knížky krásného čtení wytažená a oprawená
|
| 260 |
|
|
|a W Skalici
|c u dědičů J. Škarnicla
|c 1879
|
| 300 |
|
|
|a [6] s.
|c 11 cm
|
| 500 |
|
|
|a Titulná strana s drevorezom
|
| 501 |
|
|
|a Prív. 3.: Mrawná Pjseň wssem ctnostným Nowo=Manželům k potěssenj wydaná. W Skalicy : u Škarnicla Synů, 1876.
|5 SNK SE 129/1-11/prív.3
|
| 546 |
|
|
|a Slovenčina
|b Fraktúra
|
| 650 |
0 |
7 |
|a duchovné piesne
|2 SNKPH
|9 1928
|
| 710 |
2 |
|
|a Škarnicel, Jozef - dedičia (Skalica, Slovensko)
|4 prt
|9 189503
|
| 752 |
|
|
|a Slovensko
|d Skalica
|
| 852 |
|
|
|a SNK
|p SE 129/1-11/prív.3
|
| 958 |
|
|
|a ONDV
|
| 999 |
|
|
|c 855495
|d 857425
|
| 952 |
|
|
|a SNK
|b SNK
|y PREZ
|7 0
|p 17A1300250
|o snkSE 129/1-11/prív.3
|i snk4573/28
|0 0
|1 0
|4 0
|d 2018-03-22
|f 1
|l 0
|r 2026-02-24 04:55:07
|w 2026-02-24
|